000 01259nam a2200277Ia 4500
999 _c65256
_d65256
005 20240530110815.0
008 140319s2008 au a f b 000 0 ara d
017 _a2008/19635
_bمصر. دار الكتب
020 _a9774379039
040 _aGCL /
_cGCL
082 0 4 _221
_a792.0954 /
_bج ف
100 1 _aبهاراتامونى
245 1 2 _aالقواعد الملهمة لفن الدراما والمسرح فى الهند /
_cتأليف بهاراتامونى ؛ ترجمة مصطفى يوسف منصور ، عصام عبدالعزيز ؛ مراجعة وتقديم محمد حمدى ابراهيم ؛ تصدير فوزى فهمى
_nالجزء الثالث
250 _aط.1
260 _aالقاهرة :
_bوزارة الثقافة : مهرجان القاهرة الدولى للمسرح التجريبى،
_c2008 .
300 _a302 ص. :
_bايض. ؛
_c24 سم.
650 0 7 _aالمسرح
_2qrmak
650 0 7 _aالسينما
_2qrmak
650 0 7 _aالتمثيل
_2qrmak
650 0 7 _aالمسرح
_xتاريخ ونقد
_2qrmak
_zالهند
651 _2qrmak
700 0 _aمصطفى يوسف منصور
_eمترجم
700 0 _aعصام عبدالعزيز
_eمترجم
942 _2ddc
_cBK